Bulletin of the National Science Museum: 016789 - vol.2, 1976: - vol.16, 1990 (Record no. 599701)
[ view plain ]
| 000 -LEADER | |
|---|---|
| fixed length control field | 00471nam a2200133Ia 4500 |
| 008 - FIXED-LENGTH DATA ELEMENTS--GENERAL INFORMATION | |
| fixed length control field | 100415s9999 xx 000 0 und d |
| 082 ## - DEWEY DECIMAL CLASSIFICATION NUMBER | |
| Item number | 16803 |
| 245 ## - TITLE STATEMENT | |
| Title | Bulletin of the National Science Museum: 016789 - vol.2, 1976: - vol.16, 1990 |
| 260 ## - PUBLICATION, DISTRIBUTION, ETC. (IMPRINT) | |
| Date of publication, distribution, etc | 0 |
| 365 ## - TRADE PRICE | |
| Price amount | 0 |
| 630 ## - SUBJECT ADDED ENTRY--UNIFORM TITLE | |
| Uniform title | Bulletin of the National Science Museum: 016789 - vol.2, 1976: - vol.16, 1990 |
| 730 ## - ADDED ENTRY--UNIFORM TITLE | |
| Uniform title | Bulletin of the National Science Museum: 016789 - vol.2, 1976: - vol.16, 1990 |
| 942 ## - ADDED ENTRY ELEMENTS (KOHA) | |
| Koha item type | Book |
| Withdrawn status | Lost status | Damaged status | Not for loan | Home library | Current library | Date acquired | Cost, normal purchase price | Total Checkouts | Full call number | Barcode | Date last seen | Price effective from | Koha item type |
|---|---|---|---|---|---|---|---|---|---|---|---|---|---|
| Bombay Natural History Society | Bombay Natural History Society | 12/07/2001 | 0.00 | 16803 | BNHS-16803 | 04/15/2010 | 04/15/2010 | Book |